| 000 | 01820cam a22003738i 4500 | ||
|---|---|---|---|
| 999 |
_c58742 _d58742 |
||
| 001 | 22243829 | ||
| 005 | 20221105175833.0 | ||
| 008 | 210917s2023 nyu 001 0 eng | ||
| 020 | _a9781260566673X | ||
| 040 |
_aDLC _beng _erda _cDLC |
||
| 042 | _apcc | ||
| 050 | 0 | 0 |
_aHG173 _b.C679 2023 |
| 080 | _a336 C-80 | ||
| 100 | 1 |
_aCornett, Marcia Millon, _eauthor. _914376 |
|
| 245 | 1 | 0 |
_aFinance : _bapplications & theory / _cMarcia Millon Cornett, Bentley University, Troy A. Adair, Jr., Lehigh University, John Nofsinger, University of Alaska Anchorage. |
| 250 | _afifth edition | ||
| 263 | _a2201 | ||
| 264 | 1 |
_aNew York, NY : _bMcGraw Hill, _c2020. |
|
| 300 |
_a712 p.: _b27 cm. |
||
| 336 |
_atext _btxt _2rdacontent |
||
| 337 |
_aunmediated _bn _2rdamedia |
||
| 338 |
_avolume _bnc _2rdacarrier |
||
| 490 | 0 | _aThe McGraw-Hill education series in finance, insurance, and real estate | |
| 500 | _aIncludes index. | ||
| 520 |
_a"We did not set out to write this book to change the way finance is taught, but rather to parallel and support the way that instructors from across the country currently teach finance. Well over 600 instructors teaching this course have shared their class experiences and ideas via a variety of research methods that we used to develop the framework for this text. We are excited to have authored a book that we think you will find fits your classroom style perfectly"-- _cProvided by publisher. |
||
| 650 | 0 |
_aFinance. _914377 |
|
| 650 | 0 |
_aფინანსები _914378 |
|
| 650 | 0 |
_aეკონომიკა _914379 |
|
| 700 | 1 |
_aAdair, Troy A. _q(Troy Alton), _d1964- _eauthor. _914380 |
|
| 700 | 1 |
_aNofsinger, John R., _eauthor. _914381 |
|
| 906 |
_a7 _bcbc _corignew _d1 _eecip _f20 _gy-gencatlg |
||
| 942 |
_2udc _cBK |
||
| 955 |
_brm15 2021-09-17 _irm15 2021-09-17 (telework) |
||